000 00550nam a2200193Ia 4500
003 GCL
008 140319s9999 xx 000 0 ara d
040 _aGCL /
_cGCL
082 0 4 _a641.8
_bو م
100 1 _aوفاء حمود
245 1 0 _aمختارات شهية من المطبخ الاسبانى /
_cوفاء حمود
700 1 _aفاطمة المغربى
300 _a160 ص
490 _a100 قصة
_v0
650 0 4 _aالاقتصاد المنزلى
650 0 4 _aالطبخ
650 0 4 _aالطهى الاسبانى
942 _2ddc
_cBK
999 _c44029
_d44029